Os 125 anos do Ateneu Comercial de Lisboa : (Record no. 193605)

MARC details
000 -LEADER
campo de control de longitud fija 01171nam a2200337 i 4500
001 - NÚMERO DE CONTROL
campo de control 193605
003 - IDENTIFICADOR DE NÚMERO DE CONTROL
campo de control ES-MaACL
005 - FECHA Y HORA DE LA ÚLTIMA TRANSACCIÓN
campo de control 20250902004122.0
007 - CAMPO FIJO DE DESCRIPCIÓN FÍSICA--INFORMACIÓN GENERAL
campo de control de longitud fija ta
008 - DATOS DE LONGITUD FIJA--INFORMACIÓN GENERAL
campo de control de longitud fija 240118b2008 sp ||||| |||| 00| 0 spa d
040 ## - FUENTE DE CATALOGACIÓN
Lengua de catalogación spa
Centro/agencia transcriptor ES-MaACL
100 1# - ENTRADA PRINCIPAL--NOMBRE DE PERSONA
9 (RLIN) 234911
Nombre de persona Ferreira dos Santos, J. A.
Término indicativo de función/relación Autor
245 13 - MENCIÓN DEL TÍTULO
Título Os 125 anos do Ateneu Comercial de Lisboa :
Resto del título (1880-2005) /
Mención de responsabilidad, etc. J. A. Ferreira dos Santos
250 ## - MENCION DE EDICION
Mención de edición 1ª Edição
264 ## - PRODUCCIÓN, PUBLICACIÓN, DISTRIBUCIÓN, FABRICACIÓN Y COPYRIGHT
Producción, publicación, distribución, fabricación y copyright Lisboa :
Nombre del de productor, editor, distribuidor, fabricante Sete Caminhos,
Fecha de producción, publicación, distribución, fabricación o copyright 2008
300 ## - DESCRIPCIÓN FÍSICA
Extensión 551 páginas ;
Dimensiones 24 cm
336 ## - TIPO DE CONTENIDO
Fuente rdacontent
Término de tipo de contenido Texto
337 ## - TIPO DE MEDIO
Fuente rdamedia
Nombre/término del tipo de medio sin mediación
338 ## - TIPO DE SOPORTE
Fuente rdacarrier
Nombre/término del tipo de soporte volumen
500 ## - NOTA GENERAL
Nota general Índice
500 ## - NOTA GENERAL
Nota general Catalogación provisional. Signatura: N 8641. Depósito J.
504 ## - NOTA DE BIBLIOGRAFÍA, ETC.
Nota de bibliografía, etc. Bibliografía: página 543
610 20 - PUNTO DE ACCESO ADICIONAL DE MATERIA--NOMBRE DE ENTIDAD CORPORATIVA
Nombre de entidad corporativa o nombre de jurisdicción como elemento de entrada Ateneu Comercial de Lisboa
9 (RLIN) 234910
852 ## - LOCALIZACIÓN
Ubicación ES-MaACL
Sublocalización o colección R. 152808
Ubicación en estantería Depósito J
Número de control de estantería N-8641
Donativo/Legado Donación: Editorial
itemnumber 201070
Nota libre En proceso
942 ## - ELEMENTOS DE ENTRADA SECUNDARIOS (KOHA)
Suprimir en OPAC No
Tipo de ítem Koha Libro impreso
Holdings
Estatus retirado Estado de pérdida Fuente del sistema de clasificación o colocación Estado de daño No para préstamo Biblioteca de origen Biblioteca actual Ubicación en estantería Fecha de adquisición Fuente de adquisición Total de préstamos Signatura topográfica completa Código de barras Visto por última vez Tipo de ítem Koha
    Clasificación decimal universal     Biblioteca del Ateneo de Madrid Biblioteca del Ateneo de Madrid Depósito J 18/01/2024 Donación   N-8641 101206347 18/01/2024 Libro impreso